Normal view
MARC view
- Arquitectura de la vivienda
Entry Materia
001 - NÚMERO DE CONTROL DEL REGISTRO
- campo de control: 2362
003 - IDENTIFICADOR DE NUMERO DE CONTROL
- campo de control: MX-MxUPN
005 - FECHA Y HORA DE LA ÚLTIMA TRANSACCIÓN
- campo de control: 20240821152746.0
008 - DATOS DE LONGITUD FIJA
- campo de control de longitud fija: 240821n| acnnnbabn a ana |d
035 ## - NÚMERO DE CONTROL DEL SISTEMA
- Número de control del sistema: UPN10000002362
040 ## - FUENTE DE LA CATALOGACIÓN
- Centro catalogador de origen: MX-MxUPN
- Lengua de catalogación: spa
- Agencia de transcripción: MX-MxUPN
053 #4 - NÚMERO CLASIFICADOR - BIBLIOTECA DEL CONGRESO (LC)
- Elemento numérico de la clasificación - Número único o no. inicial del rango: NA7120
150 ## - ENCABEZAMIENTO - TEMÁTICO
- Término de materia o nombre geográfico como elemento inicial: Arquitectura de la vivienda
450 ## - VÉASE - MATERIA
- Encabezamiento temático: Arquitectura doméstica
670 ## - FUENTE EN LA QUE SE LOCALIZARON DATOS
- Cita de la fuente: E
902 ## - CATALOGADOR
- Catalogador: MEEG/151096
